01545nam a2200361 a 4500001001100000003000800011006001900019007001500038008004100053010001700094015001500111016001900126020001500145040002100160035002000181050002400201082001500225100002600240245017400266260003200440300002200472490006100494504005100555533015200606650003700758650006600795650003900861650005000900655002900950710001700979830006200996856012501058ebr5003759CaPaEBRm u cr cn|||||||||001116s2001 enka sb 001 0 eng  z 00035383  aGBA0-717777 a04152164432Uk z0415216443 aCaPaEBRcCaPaEBR a(OCoLC)5082248114aHD69.S8bB69 2001eb04a338.872211 aBoyce, Gordon,d1954-10aCo-operative structures in global businessh[electronic resource] :bcommunicating, transferring knowledge and learning across the corporate frontier /cGordon H. Boyce. aLondon :bRoutledge,c2001. ax, 247 p. :bill.1 aRoutledge international studies in business history ;v9 aIncludes bibliographical references and index. aElectronic reproduction.bPalo Alto, Calif. :cebrary,d2013.nAvailable via World Wide Web.nAccess may be limited to ebrary affiliated libraries. 0aBusiness networksvCase studies. 0aInternational business enterprisesxManagementvCase studies. 0aTechnology transfervCase studies. 0aStrategic alliances (Business)vCase studies. 7aElectronic books.2local2 aebrary, Inc. 0aRoutledge international studies in business history ;v9.40uhttp://site.ebrary.com/lib/rucke/Doc?id=5003759zAn electronic book accessible through the World Wide Web; click to view